000
00332nam a2200145Ia 4500
008
191201s2007 xx 000 0 und d
082
_a
005.26
_b
KOC
100
_a
KOENIG, Andrew
245
0
_a
C Traps and Pitfalls
250
_a
IMP
260
_a
N.Delhi
_b
Pearson
_c
2007
300
_a
147
650
_a
B.Tech(IT)
942
_2
ddc
_c
BK
999
_c
4344
_d
4344